El Socialismo yugoslavo actual / (Record no. 121692)

MARC details
000 -LEADER
fixed length control field 00568cam a2200181 4500
008 - FIXED-LENGTH DATA ELEMENTS--GENERAL INFORMATION
fixed length control field r19751971mx spa
245 03 - TITLE STATEMENT
Title El Socialismo yugoslavo actual /
Statement of responsibility, etc P. Vraniki...[et al.] ; tr. de Carlos Castro, Angel Gonzalez Vega y Carlos Gerhard.
260 ## - PUBLICATION, DISTRIBUTION, ETC. (IMPRINT)
Place of publication, distribution, etc México :
Name of publisher, distributor, etc Grijalbo,
Date of publication, distribution, etc 1975
300 ## - PHYSICAL DESCRIPTION
Extent 261 p. ;
Dimensions 20 cm.
440 #0 - SERIES STATEMENT/ADDED ENTRY--TITLE
Title Teoría y praxis
650 #4 - SUBJECT ADDED ENTRY--TOPICAL TERM
Topical term or geographic name as entry element Socialismo en Yugoslavia
700 1# - ADDED ENTRY--PERSONAL NAME
Personal name Vraniki, P.
700 1# - ADDED ENTRY--PERSONAL NAME
Personal name Castro, Carlos, tr.
942 ## - ADDED ENTRY ELEMENTS (KOHA)
Source of classification or shelving scheme Biblioteca del Cogreso de los Estados Unidos
Koha item type Libro
Holdings
Estado de pérdida Fuente de clasificación Estado del daño No para préstamo Ubicación permanente Ubicación actual Apartado o colección Fecha de adquisición Edición Área del conocimiento Clasificación Código de Barras Date last seen Número de copia Costo por reposición Tipo de recurso
  Biblioteca del Cogreso de los Estados Unidos     Biblioteca de la Unidad de Ciencias Ingeniería y Humanidades Biblioteca de la Unidad de Ciencias Ingeniería y Humanidades General 18/02/2020 1a.ed Educación y Humanidades HX365.5 S63 1975 BCU000009426 18/02/2020 C:1 1.00 Libro